[Event "TCh-ESP"]
[Site "Barcelona ESP"]
[Date "2000.08.07"]
[Round "3"]
[White "Gamundi Salamanca,A"]
[Black "Suba,M"]
[Result "0-1"]
[WhiteElo "2464"]
[BlackElo "2487"]

1.c4 Nf6 2.Nc3 c5 3.Nf3 e6 4.g3 b6 5.Bg2 Bb7 6.O-O a6 7.d4 cxd4 8.Qxd4 d6
9.Bg5 Nbd7 10.Nd2 Bxg2 11.Kxg2 Be7 12.Nde4 Qc7 13.Rad1 O-O 14.b3 h6 15.Bc1 Rfd8
16.f3 b5 17.Ba3 Nc5 18.Nf2 d5 19.cxd5 Nxd5 20.Nxd5 Rxd5 21.Qa1 Rad8 22.Bb2 Bf8
23.Rxd5 Rxd5 24.Rd1 Qd7 25.Rxd5 Qxd5 26.Qc1 f5 27.Qc3 Kf7 28.h4 Qd8 29.Nh3 a5
30.h5 b4 31.Qc2 a4 32.Nf4 axb3 33.axb3 Bd6 34.Ng6 Qe8 35.Bd4 Qb5 36.Bxc5 Bxc5
37.Qd3 Qxd3 38.exd3 Kf6 39.f4 Bd4 40.Kf3 Kf7 41.Nh4 Ke7 42.g4 Bf6 43.Ng2 Kf7
44.Ne3 g6 45.Nc2 fxg4+ 46.Kxg4 Bc3 47.Ne3 Bd2 48.Ng2 g5 49.Kf3 Kf6 50.Ke4 Bc3
51.Kf3 gxf4 52.Nxf4 Kf5 53.Ng6 Bf6 54.Ke3 e5 55.Kf3 Bd8 56.Nf8 Bb6 57.Ng6 Bc5
58.Nh4+ Kg5 59.Ng6 Bd4 60.Ke4 Kxh5 61.Kf5 Bc3 62.Nxe5 Bxe5 63.Kxe5 Kg6 64.Ke6 h5
65.d4 h4 66.d5 h3 67.d6 h2 68.d7 h1=Q 69.d8=Q Qe4+ 70.Kd6 Qd3+ 71.Kc7 Qxb3
72.Qd6+  0-1

[Event "TCh-ESP"]
[Site "Barcelona ESP"]
[Date "2000.08.08"]
[Round "4"]
[White "Braga,F"]
[Black "Sargissian,G"]
[Result "1/2-1/2"]
[WhiteElo "2455"]
[BlackElo "2474"]

1.c4 Nf6 2.Nc3 c5 3.Nf3 e6 4.g3 b6 5.Bg2 Bb7 6.O-O d6 7.d4 cxd4 8.Qxd4 Be7
9.Bg5 a6 10.Bxf6 Bxf6 11.Qf4 O-O 12.Rfd1 Be7 13.Ne4 Bxe4 14.Qxe4 Ra7 15.Nd4 Rc7
16.b3 Rc5 17.a4 Qc7 18.Rd3 Rc8 19.h4 Bf8 20.Rf1 Nd7 21.Qb7 Rb8 22.Qxc7 Rxc7
23.Ra1 g6 24.Rb1 Rbc8  1/2-1/2

[Event "TCh-ESP"]
[Site "Barcelona ESP"]
[Date "2000.08.09"]
[Round "5"]
[White "Cifuentes Parada,R"]
[Black "Morovic Fernandez,I"]
[Result "1/2-1/2"]
[WhiteElo "2490"]
[BlackElo "2608"]

1.Nf3 c5 2.c4 Nf6 3.Nc3 e6 4.g3 b6 5.Bg2 Bb7 6.O-O Nc6 7.d4 Nxd4 8.Nxd4 Bxg2
9.Kxg2 cxd4 10.Qxd4 Rc8 11.b3 Qc7 12.e4 Bc5 13.Qd3 O-O 14.Bf4 Qb7 15.f3 Bb4
16.Bd6 Bxd6 17.Qxd6 Rc6 18.Qd4 d6 19.Rfd1 a6  1/2-1/2

[Event "FSIMA August"]
[Site "Budapest HUN"]
[Date "2000.08.09"]
[Round "5"]
[White "Vikulov,A"]
[Black "Yu Mingyuan"]
[Result "0-1"]
[WhiteElo "2205"]
[BlackElo "2319"]

1.c4 Nf6 2.Nf3 c5 3.Nc3 e6 4.g3 b6 5.Bg2 Bb7 6.O-O Be7 7.Re1 O-O 8.e4 d6
9.d4 cxd4 10.Nxd4 a6 11.Be3 Nbd7 12.f4 Qc7 13.Rc1 Rac8 14.b3 Rfd8 15.Qe2 Bf8
16.Bf2 Qb8 17.h3 Qa8 18.Nf3 Nc5 19.Nd2 d5 20.e5 Nfe4 21.Ndxe4 dxe4 22.Bxe4 Nxe4
23.Nxe4 Bb4 24.Bxb6 Bxe1 25.Rxe1 Bxe4 26.Qxe4 Qxe4 27.Rxe4 Rd2 28.a3 Rd3
29.Re3 Rxe3 30.Bxe3 Rd8 31.Kf2 Rd3 32.b4 Rxa3 33.c5 Rb3 34.Bd2 Kf8 35.g4 Rxh3
36.c6 Ke8 37.Be3 Rh2+ 38.Kf3 Rc2 39.Bc5 a5  0-1

[Event "Lost Boys Open"]
[Site "Amsterdam NED"]
[Date "2000.08.11"]
[Round "1"]
[White "Van Dongen,C"]
[Black "Egeli,P"]
[Result "1/2-1/2"]
[WhiteElo "2135"]
[BlackElo "2347"]

1.c4 c5 2.Nf3 Nf6 3.Nc3 e6 4.g3 b6 5.Bg2 Bb7 6.O-O d6 7.Re1 Nbd7 8.e4 a6
9.b3 Qc7 10.Bb2 Be7 11.d4 cxd4 12.Nxd4 O-O 13.Qe2 Rfe8 14.Rad1 Bf8 15.h4 Rac8
16.g4 g6 17.Rd3 e5 18.Nc2 Nc5 19.Rd2 Ne6 20.Qd1 Nf4 21.g5 Nxg2 22.Kxg2 Nh5
23.Ne3 h6 24.Ned5 Qd8 25.Qg4 Rc5 26.Kg1 Bc8 27.Qg2 Bd7 28.a4 a5 29.Rd3 Rc6
30.Bc1 Kh7 31.Ba3 f5 32.gxf6 Nxf6 33.Nxf6+ Qxf6 34.Nd5 Qd8 35.Qg3 Bg7 36.Kf1 Bf6
37.Nxf6+ Qxf6 38.Ke2 Rf8 39.Rg1  1/2-1/2

[Event "TCh-ESP"]
[Site "Barcelona ESP"]
[Date "2000.08.12"]
[Round "8"]
[White "Barrero Garcia,C"]
[Black "Rodriguez Lopez,R"]
[Result "0-1"]
[WhiteElo "2304"]
[BlackElo "2332"]

1.Nf3 c5 2.c4 Nf6 3.Nc3 e6 4.g3 b6 5.Bg2 Bb7 6.O-O a6 7.d4 cxd4 8.Qxd4 d6
9.Rd1 Be7 10.b3 Nbd7 11.Bb2 O-O 12.e4 Qc7 13.Ne1 Rfe8 14.Nd3 Bf8 15.Rac1 Rad8
16.h3 Qb8 17.Kh2 g6 18.f4 Bg7 19.Qe3 Qa8 20.Rc2 Nc5 21.Nxc5 bxc5 22.Rcd2 d5
23.exd5 exd5 24.Qxc5 Rc8 25.Qb6 Re6 26.Qa5 dxc4 27.Na4 Bxg2 28.Rxg2 Qf3 29.Rdd2 Re1
30.Bc3 Qf1 31.Rd8+ Rxd8 32.Qxd8+ Re8 33.Qb6 Nd5 34.Qc6 Rd8 35.Bxg7 Kxg7 36.Qxc4 Qxg2+
37.Kxg2 Ne3+ 38.Kf3 Nxc4 39.bxc4 Rd4 40.Nb6 Rd3+ 41.Ke4 Rxg3 42.c5 Kf8 43.Kd5 Ke7
44.Kc6 Rxh3 45.Kb7 Ke6 46.c6 Rc3 47.c7 h5 48.c8=Q+ Rxc8 49.Kxc8 h4 50.Nc4  0-1

[Event "FSIMA August"]
[Site "Budapest HUN"]
[Date "2000.08.12"]
[Round "8"]
[White "Petran,Pa"]
[Black "Yu Mingyuan"]
[Result "1/2-1/2"]
[WhiteElo "2377"]
[BlackElo "2319"]

1.Nf3 c5 2.c4 Nf6 3.Nc3 e6 4.g3 b6 5.Bg2 Bb7 6.O-O Be7 7.b3 O-O 8.Bb2 d6
9.e3 Nbd7 10.d3 a6 11.Qe2 Ra7 12.Rfd1 Qa8 13.d4 Ne4 14.Nxe4 Bxe4 15.Ne1 Nf6
16.f3 Bc6 17.e4 cxd4 18.Bxd4 Rb7 19.Nd3 b5 20.c5 dxc5 21.Nxc5 Rbb8 22.b4 Rfd8
23.Qb2 a5 24.a3 Ne8 25.Nb3 a4 26.Nc5 Bf6 27.Bxf6 Nxf6 28.Rac1 h6 29.Qc2 Qa7
30.Qf2 Be8 31.f4 Qe7 32.e5 Nd5 33.Bxd5 exd5 34.Qd4 f6 35.Re1 fxe5 36.Rxe5 Qf6
37.Rce1 Bf7 38.f5 Kh7 39.Ne6 Rd6 40.Qc5 Rbb6 41.Qc8 Rbc6 42.Qf8 d4 43.Rxb5 Bxe6
44.Qxf6 gxf6 45.fxe6 Rxe6 46.Rxe6 Rxe6 47.Rd5 Re3 48.Rxd4 Rxa3 49.b5 Rb3  1/2-1/2

[Event "FSIMB August"]
[Site "Budapest HUN"]
[Date "2000.08.12"]
[Round "8"]
[White "Zhao Xue"]
[Black "Peter,S"]
[Result "1-0"]
[WhiteElo "2427"]
[BlackElo "2201"]

1.c4 Nf6 2.Nc3 e6 3.Nf3 c5 4.g3 b6 5.Bg2 Bb7 6.O-O Be7 7.Re1 O-O 8.e4 d6
9.d4 cxd4 10.Nxd4 Qc8 11.Be3 Nc6 12.Rc1 Nxd4 13.Bxd4 Rd8 14.Qd2 Ne8 15.b3 Bf6
16.Be3 Qd7 17.f4 Rac8 18.Red1 Bc6 19.Ne2 Qb7 20.Qd3 Qa8 21.g4 Bb2 22.Rb1 Ba3
23.b4  1-0

[Event "Lost Boys Open"]
[Site "Amsterdam NED"]
[Date "2000.08.13"]
[Round "3"]
[White "David,Alb"]
[Black "Wiersma,E"]
[Result "1/2-1/2"]
[WhiteElo "2487"]
[BlackElo "2402"]

1.Nf3 c5 2.c4 Nf6 3.Nc3 g6 4.d4 cxd4 5.Nxd4 Nc6 6.e4 d6 7.Be2 Bg7 8.Be3 O-O
9.O-O Nxd4 10.Bxd4 Bd7 11.Qd2 Bc6 12.f3 Nd7 13.Be3 a5 14.b3 Nc5 15.Rab1 Qb6
16.Rfc1 Rfc8 17.Kh1 Qd8 18.Re1 Be5 19.Bg5 Qf8 20.Nd5 Bxd5 21.exd5 Qg7 22.Rbc1 Rc7
23.Rc2 f5 24.Be3 Rcc8 25.Rd1 Rc7 26.Rb1 Kh8 27.f4 Ne4 28.Qe1 Bf6 29.Bf3 Nc5
30.Rd1 Rcc8 31.g4 fxg4 32.Bxg4 Rf8 33.Qg3 b6 34.Qh3 Rab8 35.Rg2 Rg8 36.Be6 Nxe6
37.dxe6 b5 38.f5 g5 39.Rdg1 bxc4 40.bxc4 Rb4 41.Rg4 Qf8 42.Qf3 Qh6 43.Bc1 Qh5
44.Qe4  1/2-1/2

[Event "Lost Boys Open"]
[Site "Amsterdam NED"]
[Date "2000.08.13"]
[Round "3"]
[White "Bellin,R"]
[Black "Amesz,J"]
[Result "1/2-1/2"]
[WhiteElo "2369"]
[BlackElo "2185"]

1.Nf3 c5 2.c4 Nf6 3.Nc3 b6 4.e4 d6 5.d4 cxd4 6.Nxd4 Bb7 7.Bd3 Nbd7 8.Qe2 g6
9.f4 Bg7 10.Nf3 O-O 11.O-O Rc8 12.Bd2 Re8 13.Rae1 e5 14.fxe5 dxe5 15.b4 Nh5
16.g3 Bf8 17.Nd5 Ng7 18.Qf2 Bxd5 19.cxd5 f6 20.Rc1 Bd6 21.Rxc8 Qxc8 22.Bb5 Rf8
23.Rc1  1/2-1/2

[Event "TCh-ESP"]
[Site "Barcelona ESP"]
[Date "2000.08.13"]
[Round "9"]
[White "Oms Pallise,J"]
[Black "Cano Sanchez,J"]
[Result "1/2-1/2"]
[WhiteElo "2430"]
[BlackElo "2361"]

1.Nf3 c5 2.c4 Nf6 3.Nc3 e6 4.g3 b6 5.Bg2 Bb7 6.O-O d6 7.d4 cxd4 8.Qxd4 a6
9.b3 Nbd7 10.e4 Qc7 11.Qe3 Be7 12.Nd4 Rc8 13.Bb2 O-O 14.Rfe1 Rfe8 15.Re2 Bf8
16.Qd2 g6 17.Rd1 Rcd8 18.Qe1 Qb8 19.f3 Bg7 20.Kh1 Ba8 21.g4 g5 22.Qg3 Ne5
23.Red2 Rd7 24.h3 Ng6 25.Nde2 Red8 26.a4 h6 27.Qf2 Qc7 28.Qg3  1/2-1/2

[Event "FSIMA August"]
[Site "Budapest HUN"]
[Date "2000.08.13"]
[Round "9"]
[White "Vikulov,A"]
[Black "Xu Hanbing"]
[Result "1-0"]
[WhiteElo "2205"]
[BlackElo "2328"]

1.Nf3 Nf6 2.c4 c5 3.Nc3 d5 4.cxd5 Nxd5 5.d4 e6 6.e4 Nxc3 7.bxc3 cxd4 8.cxd4 Bb4+
9.Bd2 Bxd2+ 10.Qxd2 O-O 11.Bc4 Nc6 12.O-O b6 13.Rfe1 Bb7 14.Rad1 Qd6 15.Qe2 Rad8
16.e5 Qe7 17.Bd3 Nb4 18.Bb1 Bxf3 19.Qxf3 g6 20.g3 Rc8 21.Rc1 Qg5 22.Qe3 Qxe3
23.fxe3 Nd5 24.Rxc8 Rxc8 25.Kf2 Kf8 26.Ke2 Ke7 27.Kd2 a5 28.Bc2 b5 29.Bb3 Nb6
30.a3 Nd7 31.Rb1 Rb8 32.Bc2 b4 33.axb4 axb4 34.Ba4 Nf8 35.Kd3 f6 36.exf6+ Kxf6
37.Kc4 Ke7 38.Rxb4 Rxb4+ 39.Kxb4 Kd6 40.Kc4 g5 41.Kd3 Ng6 42.Ke4 Ne7 43.Kf3 h5
44.Be8 h4 45.gxh4 gxh4 46.Ke4 Nd5 47.Bg6 Ke7 48.Kf3 Kf6 49.Be4 Nb6 50.Bb7 e5
51.d5 Nc4 52.Ba6 Nd6 53.Kg4 h3 54.Bf1 Nf5 55.Kf3 Nh4+ 56.Kf2 e4 57.Bxh3 Ke5
58.Be6 Nf3 59.h3 Nd2 60.h4  1-0

[Event "Lost Boys Open"]
[Site "Amsterdam NED"]
[Date "2000.08.14"]
[Round "4"]
[White "Peek,Mar"]
[Black "De Vilder,H"]
[Result "1-0"]
[WhiteElo "2299"]
[BlackElo "2146"]

1.Nf3 c5 2.c4 Nf6 3.Nc3 d5 4.cxd5 Nxd5 5.d4 g6 6.e4 Nxc3 7.bxc3 Bg7 8.Rb1 O-O
9.Be2 cxd4 10.cxd4 Qa5+ 11.Qd2 Qxd2+ 12.Bxd2 b6 13.O-O Ba6 14.Bxa6 Nxa6 15.Rfc1 Rfc8
16.a4 Kf8 17.a5 Rxc1+ 18.Rxc1 Ke8 19.axb6 axb6 20.Kf1 Kd7 21.Rb1 Rb8 22.Ke2 Rb7
23.Kd3 e6 24.h4 f6 25.h5 Nc7 26.hxg6 hxg6 27.Rh1 Ne8 28.g4 Ke7 29.Ra1 b5
30.Bb4+ Kf7 31.Nh4 g5 32.Nf3 Bf8 33.Bxf8 Kxf8 34.Nd2 Kf7 35.Nb3 Kg6 36.Ra6 Ng7
37.Nc5 Rb8 38.Nxe6 Nxe6 39.Rxe6 Kf7 40.Ra6 b4 41.Ra2 Rc8 42.Rc2 Ra8 43.Kc4 Ra3
44.Kxb4 Rf3 45.Kc5 Rf4 46.Kd5 Rxg4 47.e5 fxe5 48.Kxe5 Ke7 49.d5 Rg1 50.Rc7+ Kd8
51.Rg7 Rf1 52.Kd6 Kc8 53.Rf7 Rh1 54.Rf8+ Kb7 55.Kd7 Rh7+ 56.Ke6 Rh6+ 57.Rf6 Rh1
58.Kf5 Rd1 59.Kxg5 Rxd5+ 60.Rf5 Rd3 61.Rc5 Kb6 62.Rc2 Rf3 63.Kg4 Rf8 64.f4 Rg8+
65.Kf3 Rf8 66.Ke4 Re8+ 67.Kd5 Rf8 68.Ke5 Re8+ 69.Kd6  1-0

[Event "It"]
[Site "Presov SVK"]
[Date "2000.08.15"]
[Round "4"]
[White "Makarov,M"]
[Black "Stocek,J"]
[Result "1/2-1/2"]
[WhiteElo "2515"]
[BlackElo "2514"]

1.Nf3 Nf6 2.c4 c5 3.Nc3 b6 4.e4 d6 5.d4 cxd4 6.Nxd4 Bb7 7.Bd3 Nbd7 8.Qe2 g6
9.O-O Bg7 10.Be3 O-O 11.Rac1 a6 12.f3 e6 13.Rfd1 Rc8 14.b3 Re8 15.Qd2  1/2-1/2

[Event "ECh-u20 Girls"]
[Site "Aviles ESP"]
[Date "2000.08.18"]
[Round "3"]
[White "Reizniece,D"]
[Black "Pokorna,Reg"]
[Result "1/2-1/2"]
[WhiteElo "2275"]
[BlackElo "2363"]

1.c4 Nf6 2.Nc3 c5 3.Nf3 b6 4.e4 d6 5.d4 cxd4 6.Nxd4 Bb7 7.Qe2 g6 8.g3 Bg7
9.Bg2 Nbd7 10.O-O O-O 11.Rd1 Rc8 12.b3 a6 13.Bb2 e6 14.Ba3 Ne8 15.Rac1 Qc7
16.Bh3 Ne5 17.Bxe6 fxe6 18.Nxe6 Qf7 19.Nxf8 Bxf8 20.f4 Nd7 21.e5 dxe5 22.Bxf8 Nxf8
23.Qxe5 Nd7 24.Qd4 Nef6 25.Nd5 Bxd5 26.cxd5 Re8 27.h3 Re4 28.Rc8+ Kg7 29.Qb2 Qe7
30.Rc2 Kf7 31.Kf2 Nc5 32.b4 Rxb4 33.Qa3 Rc4 34.Qc1 Re4 35.g4 Qd6 36.Rc4 Rxc4
37.Qxc4 Nce4+ 38.Ke3 b5 39.Qd4 Qa3+ 40.Rd3 Qc1+ 41.Ke2 Qxf4 42.d6 Qh2+ 43.Ke1 Qh1+
44.Ke2 Qg2+ 45.Ke1 Qh1+ 46.Ke2 Qg2+ 47.Ke1 Nd7 48.Re3 Qg1+ 49.Ke2 Qg2+ 50.Ke1 Qg1+
51.Ke2 Qg2+ 52.Ke1 Qg1+ 53.Ke2  1/2-1/2

[Event "Open"]
[Site "Polanica Zdroj POL"]
[Date "2000.08.21"]
[Round "5"]
[White "Ragozin,E"]
[Black "Fedorchuk,S"]
[Result "1-0"]
[WhiteElo "2489"]
[BlackElo "2408"]

1.c4 Nf6 2.Nf3 e6 3.Nc3 c5 4.e3 Nc6 5.a3 Be7 6.d4 cxd4 7.exd4 d5 8.c5 Ne4
9.Qc2 f5 10.Bb5 O-O 11.Bxc6 bxc6 12.Qa4 Qc7 13.O-O a5 14.Re1 Ba6 15.Ne2 g5
16.Qc2 Bf6 17.Ng3 Qe7 18.Nh5 Bh8 19.Ne5 f4 20.Rxe4 dxe4 21.Qxe4 Bxe5 22.dxe5 Rad8
23.Qe1 Qxc5 24.Bd2 Qc2 25.Bxa5 Rd3 26.Nf6+ Kg7 27.h4 Rb8 28.Rc1 Qxb2 29.Rxc6 Rc8
30.Kh2 Rxc6 31.Qe4 Rh3+ 32.Kxh3 Qb3+ 33.Kh2 Qc2 34.Qb4 Qc5 35.Qe4 Qc2 36.Qd4 Kg6
37.Qd7 Kf5 38.Qg7 Kxe5 39.Ng4+ Kd5 40.Qd7+ Rd6 41.Nf6+ Ke5 42.Qg7 Qg6 43.Qc7 Kxf6
44.Qxd6 Qd3 45.Bd8+ Kf5 46.Qf8+ Ke4 47.Bxg5 e5 48.Qa8+ Kf5 49.Qf8+ Ke4 50.Qf7 Kd4
51.Bf6 Bb5 52.Qe7 Qe4 53.Qd6+ Kc4 54.Qb4+  1-0

[Event "Open"]
[Site "Porto San Giorgio ITA"]
[Date "2000.08.22"]
[Round "3"]
[White "Scalcione,M"]
[Black "Ottavi,M"]
[Result "1-0"]
[WhiteElo "2239"]
[BlackElo "2051"]

1.Nf3 Nf6 2.c4 e6 3.Nc3 c5 4.g3 Nc6 5.Bg2 Be7 6.O-O O-O 7.d4 cxd4 8.Nxd4 a6
9.e4 Qc7 10.b3 d6 11.Bb2 Bd7 12.Rc1 Nxd4 13.Qxd4 Rac8 14.Rfd1 Rfd8 15.a4 Qa5
16.Qd2 Qb4 17.Ne2 Qxb3 18.Nd4 Qb6 19.a5 Qc5 20.Nb3 Qh5 21.h3 Ba4 22.Qb4 Bxb3
23.Qxb3 Qxa5 24.Bd4 Rd7 25.Bc3 Qc7 26.Bd4 Qa5 27.Bb6 Qg5 28.Be3 Qh5 29.g4 Qa5
30.Bb6 Qg5 31.Be3 Qh4 32.e5 dxe5 33.Rxd7 Nxd7 34.Qxb7 Rd8 35.Qxa6 Nc5 36.Qb6 Nd3
37.Rd1 Nf4 38.Rxd8+ Bxd8 39.Qb8 Nxg2 40.Kxg2 h5 41.g5 Qe4+ 42.Kh2 Qd3 43.Bb6 Qxc4
44.Qxd8+ Kh7 45.Be3 Qe4 46.Qd1 Kg6 47.Kg3 Qf5 48.f3 f6 49.gxf6 gxf6 50.Qd8 Kf7
51.Qd7+ Kg8 52.Qe8+ Kg7 53.Qe7+ Kg8 54.Qb7 Qg6+ 55.Kh4 f5 56.Qb8+ Kf7 57.Qxe5 Qg2
58.Bg5 Qf2+ 59.Qg3 Qd4+ 60.Qf4 Qf2+ 61.Kxh5 Qb2 62.Qc7+ Kf8 63.Qd8+ Kf7 64.Qe7+ Kg8
65.Kg6  1-0

[Event "ch-FRA Pool B"]
[Site "Vichy FRA"]
[Date "2000.08.22"]
[Round "5"]
[White "Dorfman,J"]
[Black "Vaisser,A"]
[Result "1/2-1/2"]
[WhiteElo "2600"]
[BlackElo "2537"]

1.Nf3 c5 2.c4 Nf6 3.Nc3 e6 4.g3 b6 5.Bg2 Bb7 6.O-O Be7 7.d4 cxd4 8.Qxd4 O-O
9.Bg5 h6 10.Bxf6 Bxf6 11.Qd2 Qe7 12.Rac1 Na6 13.Nd4 Bxg2 14.Kxg2 Qc5 15.Ndb5 Qxc4
16.Nd6 Qb4 17.Rfd1 Be5  1/2-1/2

[Event "ECh-u20 Girls"]
[Site "Aviles ESP"]
[Date "2000.08.23"]
[Round "7"]
[White "Machalova,M"]
[Black "Stojanovic,Na"]
[Result "1/2-1/2"]
[WhiteElo "2063"]
[BlackElo "2146"]

1.c4 e6 2.Nc3 c5 3.Nf3 Nf6 4.g3 b6 5.Bg2 Bb7 6.O-O Be7 7.Re1 d6 8.e3 Nbd7
9.b3 O-O 10.d4 cxd4 11.exd4 d5 12.Ne5 Qc8 13.Qf3 Rb8 14.cxd5 Nxd5 15.Nxd5 Bxd5
16.Qe2 Bxg2 17.Kxg2 Qb7+ 18.Qf3 Qxf3+ 19.Kxf3 Rb7 20.Bb2 Nf6 21.Rac1 Nd5
22.Kg2 Bd6 23.a3 Rc7 24.Rxc7 Bxc7 25.Rc1 a5 26.Nc4 Bb8 27.Ne3 Ne7 28.Nc4 Ba7
29.Ne5 Nd5 30.Nc6 Bb8 31.Nxb8 Rxb8 32.Kf3 Kf8 33.Rc4 Ke7 34.Bc1 Kd7 35.Ke4 f6
36.Bf4 Nxf4 37.Kxf4 Kd6 38.Ke4 g5 39.h3 f5+ 40.Kd3 h5 41.f3 Rg8 42.Rc2 g4
43.fxg4 fxg4 44.h4 Rf8 45.Re2 Rf3+ 46.Re3 Rf5 47.Ke4 Rf1 48.a4 Rf2 49.Kd3 Rf5
50.Ke4 b5 51.axb5 Rxb5 52.Rc3 e5 53.dxe5+ Rxe5+ 54.Kd4 Re1 55.b4 axb4 56.Rb3 Rd1+
57.Kc4 Ke5 58.Re3+ Kf5 59.Kxb4 Rc1 60.Kb3 Rc5 61.Re1 Re5 62.Rf1+ Ke6 63.Kc2 Re3
64.Rg1 Ke5 65.Kd2 Ke4 66.Ra1 Rxg3 67.Ra5 Rd3+ 68.Ke2 Rd5 69.Ra4+ Kf5 70.Kf2 Re5
71.Ra8 Kf4 72.Rg8 Ra5 73.Rf8+ Rf5 74.Rg8 Ke4+ 75.Kg2 Ke5 76.Re8+ Kf6 77.Rf8+ Kg6
78.Rg8+ Kh7 79.Ra8 Kg6 80.Rg8+ Kf6 81.Rf8+ Ke5 82.Re8+ Kf4 83.Rg8 Re5 84.Rf8+ Ke4
85.Rh8 Kd5 86.Rd8+ Ke6 87.Re8+ Kf6 88.Rf8+ Kg7 89.Rf2 Re3 90.Rf5 Kg6 91.Rg5+ Kh6
92.Ra5 Rh3 93.Ra6+ Kg7 94.Ra7+ Kf6 95.Ra6+ Ke7 96.Ra7+ Kd6 97.Ra6+ Kc7 98.Ra5 Rxh4
99.Ra3  1/2-1/2

[Event "ch-FRA Pool A"]
[Site "Vichy FRA"]
[Date "2000.08.24"]
[Round "7"]
[White "Relange,E"]
[Black "Hauchard,A"]
[Result "1/2-1/2"]
[WhiteElo "2488"]
[BlackElo "2539"]

1.Nf3 c5 2.c4 Nf6 3.Nc3 b6 4.g3 Bb7 5.Bg2 g6 6.O-O Bg7 7.d3 O-O 8.a3 Nc6
9.Rb1 d5 10.cxd5 Nxd5 11.Nxd5 Qxd5 12.Be3  1/2-1/2

[Event "Summer Festival Open"]
[Site "Lisbon POR"]
[Date "2000.08.25"]
[Round "5"]
[White "Frois,A"]
[Black "Fernandes,Al"]
[Result "1/2-1/2"]
[WhiteElo "2346"]
[BlackElo "2137"]

1.Nf3 Nf6 2.c4 c5 3.Nc3 d5 4.cxd5 Nxd5 5.g3 Nc6 6.Bg2 Nc7 7.O-O e5 8.d3 Be7
9.Nd2 Bd7 10.Nc4 f6 11.a4 Rb8 12.f4 O-O 13.Bd2 Kh8 14.Rf2 Be6 15.fxe5 Nxe5
16.Bf4 Ng4 17.Rf1 g5 18.Bxc7 Qxc7 19.Nd5 Qd7 20.e4 Kg7 21.Qd2 h6 22.Qc3 Bd6
23.Rad1 b6 24.h3 Ne5 25.Nxf6 Rxf6 26.Nxe5 Bxe5 27.Qxe5 Qd4+ 28.Qxd4 cxd4
29.Rc1 Rxf1+  1/2-1/2

[Event "Open"]
[Site "Porto San Giorgio ITA"]
[Date "2000.08.27"]
[Round "8"]
[White "Gorbatow,A"]
[Black "Trent,L"]
[Result "1-0"]
[WhiteElo "2411"]
[BlackElo "2210"]

1.Nf3 c5 2.c4 Nf6 3.Nc3 d5 4.cxd5 Nxd5 5.e3 g6 6.Bb5+ Bd7 7.Bxd7+ Qxd7 8.Ne5 Nxc3
9.bxc3 Qd5 10.Qa4+ Nd7 11.d4 Bg7 12.Qxd7+ Qxd7 13.Nxd7 Kxd7 14.Rb1 b6 15.Ba3 Rac8
16.dxc5 Bxc3+ 17.Ke2 bxc5 18.Rhd1+ Ke6 19.Rb7 Bb4 20.Bxb4 cxb4 21.Rxb4 Rc2+
22.Rd2 Rxd2+ 23.Kxd2 Rd8+ 24.Kc3 Rc8+ 25.Rc4 Kd7 26.Rxc8 Kxc8 27.Kc4 Kb7
28.Kb5 a6+ 29.Kc5 Kc7 30.g4 h6 31.h4 Kb7 32.g5 h5 33.f4 Kc7 34.e4 Kd7 35.f5 Kc7
36.fxg6 fxg6 37.Kd5 Kd7 38.Ke5 a5 39.a4 Kd8 40.Ke6 Ke8 41.e5  1-0

[Event "ch-HUN KO"]
[Site "Budapest HUN"]
[Date "2000.08.29"]
[Round "1.2"]
[White "Bertok,B"]
[Black "Adam,O"]
[Result "1/2-1/2"]
[WhiteElo "2157"]
[BlackElo "2007"]

1.Nf3 c5 2.c4 Nf6 3.Nc3 d5 4.cxd5 Nxd5 5.d3 b6 6.g3 Bb7 7.Bg2 Bc6 8.O-O e6
9.Ne5 Bb7 10.Qa4+ Nd7 11.Ne4 Qc7 12.f4 f6 13.Nxd7 Qxd7 14.Qb3 Nb4 15.Nc3 Bxg2
16.Kxg2 Qc6+ 17.Kg1 c4 18.Qxc4 Bc5+ 19.d4 Nc2 20.dxc5 Nxa1 21.Ne4 Rd8 22.Be3 b5
23.Qc3 Qxe4 24.Rxa1 O-O 25.Kf2 Rd7 26.Rc1 Rfd8 27.Qa5 Qc6 28.b4 a6 29.Qa3 Kf7
30.Qb3 Ke7 31.h4 Qd5 32.Qc2 Qh5 33.c6 Rd5  1/2-1/2

[Event "Borowski"]
[Site "Essen GER"]
[Date "2000.09.02"]
[Round "5"]
[White "Dautov,R"]
[Black "Hoffmann,Mi"]
[Result "1/2-1/2"]
[WhiteElo "2606"]
[BlackElo "2458"]

1.Nf3 Nf6 2.c4 c5 3.Nc3 e6 4.d4 cxd4 5.Nxd4 Bb4 6.Bd2 a6 7.a3 Be7 8.e4 O-O
9.g3 d6 10.Bg2 Qc7 11.Qe2 Nc6 12.Nxc6 bxc6 13.O-O a5 14.b4 Nd7 15.Rab1 axb4
16.axb4 Bb7 17.Rfc1 Bf6 18.Be3 Ra3 19.Nd1 Rfa8 20.Qd2 h6 21.Bd4 Bxd4 22.Qxd4 c5
23.bxc5 Nxc5 24.Nc3 Nb3 25.Nb5 Nxd4 26.Nxc7 Ne2+ 27.Kf1 Nxc1 28.Nxa8 Bxa8
29.Rxc1 Kf8 30.c5 dxc5 31.Rxc5 g5 32.h3 Ra1+ 33.Ke2 Ra2+ 34.Ke3 Ra3+ 35.Kd4 Ra2
36.Bf3 Rxf2 37.Bh5 Kg7 38.Rc7 Rf6 39.Be2 e5+ 40.Ke3 Rc6 41.Ra7 Rc3+ 42.Kd2 Rc8
43.Bh5 Bxe4 44.Rxf7+ Kg8 45.Rf6 Rc6 46.Rxc6  1/2-1/2

[Event "chT-POL"]
[Site "Zakopane chT"]
[Date "2000.09.02"]
[Round "1"]
[White "Zielinska,Mar"]
[Black "Radziewicz,I"]
[Result "1-0"]
[WhiteElo "2376"]
[BlackElo "2379"]

1.Nf3 c5 2.c4 e6 3.Nc3 Nf6 4.d4 cxd4 5.Nxd4 d5 6.Bf4 Bc5 7.Ndb5 O-O 8.e3 Nc6
9.cxd5 Nxd5 10.Nxd5 exd5 11.Nc7 Bb4+ 12.Ke2 Qf6 13.Rc1 Bf5 14.Nxa8 Qxb2+
15.Kf3 Be4+ 16.Kg3 g5 17.Bxg5 Qg7 18.h4 f6 19.Bd3 Bd6+ 20.Kh3 fxg5 21.Bxe4 g4+
22.Qxg4 Qxg4+ 23.Kxg4 dxe4 24.Rhf1 Rxa8 25.Rcd1 Ne5+ 26.Kf5 Nc4 27.Kxe4 b5
28.Rd5 Be7 29.h5 Rf8 30.Kd3 a6 31.f4 Bd8 32.g4 Bb6 33.Rf3 Rc8  1-0

[Event "Open"]
[Site "Abudhabi UAE"]
[Date "2000.09.03"]
[Round "8"]
[White "Vakhidov,T"]
[Black "Magerramov,E"]
[Result "1-0"]
[WhiteElo "2458"]
[BlackElo "2568"]

1.c4 c5 2.Nf3 Nf6 3.Nc3 e6 4.g3 Nc6 5.Bg2 d5 6.d4 Be7 7.O-O O-O 8.cxd5 Nxd5
9.Nxd5 exd5 10.b3 Re8 11.Ba3 cxd4 12.Bxe7 Rxe7 13.Nxd4 Bg4 14.h3 Nxd4 15.Qxd4 Bxe2
16.Rfe1 Qe8 17.Qxd5 Rd8 18.Qa5 b6 19.Qb4 Re6 20.Rac1 h6 21.h4 a5 22.Qf4 Rf6
23.Qc7 Rd2 24.Rc2 Rxc2 25.Qxc2 Re6 26.Bd5 Re5 27.Bc4 Bf3 28.Bxf7+ Kf8 29.Rxe5 Qxe5
30.Bc4 Ke7 31.Bf1 Bd5 32.Bg2 Be6 33.Kh2 Qc5 34.Qb2 Kf7 35.a3 Qd6 36.b4 axb4
37.axb4 Bf5 38.Qc3 Be6 39.Be4 Qd8 40.Qe5 Qe7  1-0

[Event "FSIMA September"]
[Site "Budapest HUN"]
[Date "2000.09.05"]
[Round "4"]
[White "Vadasz,L"]
[Black "Yu Mingyuan"]
[Result "1/2-1/2"]
[WhiteElo "2301"]
[BlackElo "2319"]

1.Nf3 Nf6 2.c4 c5 3.Nc3 e6 4.g3 b6 5.Bg2 Bb7 6.O-O Be7 7.d4 cxd4 8.Qxd4 d6
9.Bg5 a6 10.Bxf6 Bxf6 11.Qd3 Be7 12.Rfd1 O-O 13.Ng5 Bxg5 14.Bxb7 Ra7 15.Be4 f5
16.Bg2 Be7 17.e4 f4 18.Bh3 e5 19.Nd5 Bg5 20.gxf4 exf4 21.Nc3 Rf6 22.e5 Rh6
23.exd6 f3 24.Qxf3 Rf7 25.Qg4 Bf4 26.Kh1 Nd7 27.Ne4 Ne5 28.Qc8 Rf8 29.Qxd8 Rxd8  1/2-1/2

[Event "chT-POL"]
[Site "Zakopane chT"]
[Date "2000.09.05"]
[Round "4"]
[White "Volzhin,A"]
[Black "Schmidt,Wl"]
[Result "1-0"]
[WhiteElo "2556"]
[BlackElo "2434"]

1.Nf3 Nf6 2.c4 c5 3.Nc3 d5 4.cxd5 Nxd5 5.e4 Nb4 6.Bb5+ Bd7 7.Bc4 e6 8.d4 cxd4
9.Nxd4 N8c6 10.Nf3 Qb8 11.a3 Na6 12.O-O Ne5 13.Bb5 Bxb5 14.Nxb5 Be7 15.Bf4 Nxf3+
16.Qxf3 e5 17.Be3 O-O 18.Rac1 b6 19.Qf5 Nc5 20.Bxc5 bxc5 21.Qd7 Re8 22.Nc7 Qb7
23.Rcd1 Rad8 24.Qxe7  1-0

[Event "chT-POL"]
[Site "Zakopane chT"]
[Date "2000.09.05"]
[Round "4"]
[White "Kveinys,A"]
[Black "Pieniazek,Ar"]
[Result "1/2-1/2"]
[WhiteElo "2522"]
[BlackElo "2394"]

1.c4 e6 2.Nc3 c5 3.Nf3 Nf6 4.e4 Nc6 5.Be2 d5 6.exd5 exd5 7.d4 Be7 8.dxc5 d4
9.Nb5 Bxc5 10.O-O O-O 11.Bg5 Bf5 12.Bd3 Bg4 13.Be4 h6 14.Bxf6 Qxf6 15.Nc7 Qf4
16.Bxc6 Qxc7 17.Bd5 Rad8 18.Qd3 Qf4 19.g3 Qf6 20.Nd2 Bf5 21.Be4 Bxe4 22.Nxe4 Qc6
23.a3 a5 24.Rfe1 Rfe8 25.Rad1 b6 26.Nd2 Rxe1+ 27.Rxe1 Re8 28.Rxe8+ Qxe8 29.Kf1 Qc6
30.Qe4 Qxe4 31.Nxe4 f5 32.Nd2 a4 33.Nb1 Kf7 34.f3 Ke6 35.Ke2 Ke5 36.Kd3 g5
37.Nd2 g4  1/2-1/2

[Event "chT-POL"]
[Site "Zakopane chT"]
[Date "2000.09.06"]
[Round "5"]
[White "Przewoznik,J"]
[Black "Zaskalski,A"]
[Result "1-0"]
[WhiteElo "2414"]
[BlackElo "2211"]

1.Nf3 c5 2.c4 Nf6 3.Nc3 g6 4.d4 cxd4 5.Nxd4 Nc6 6.e4 d6 7.Be2 Nxd4 8.Qxd4 Bg7
9.Be3 O-O 10.Qd2 Be6 11.f3 Qa5 12.Rc1 Rfc8 13.b3 a6 14.a4 Nd7 15.Nd5 Qxd2+
16.Kxd2 Bxd5 17.exd5 Nc5 18.Rb1 a5 19.Bd1 Na6 20.g4 Nb4 21.Be2 e6 22.dxe6 fxe6
23.h4 d5 24.h5 Rd8 25.Bg5 dxc4+ 26.Bxd8 Rxd8+ 27.Ke3 c3 28.Rbd1 Bh6+ 29.g5 Bxg5+
30.f4 Rxd1 31.Bxd1 Nd5+ 32.Kd3 Bxf4 33.hxg6 hxg6 34.Bf3 Bd2 35.Bxd5 exd5
36.Rh4 g5 37.Rd4 Kf7 38.Rxd5 Kf6 39.Rxa5 g4 40.Ra8 Kf5 41.Rf8+ Ke5 42.Rg8 Kf5
43.Rf8+ Ke5 44.b4 g3 45.a5 Kd5 46.Rf5+ Kd6 47.Rf6+ Kd7 48.b5 Be1 49.Rf7+ Kc8
50.Rg7 c2 51.Kxc2 Bxa5 52.Rxg3 Kc7 53.Kd3 Kb6 54.Kc4 Be1 55.Rg6+ Ka7 56.Rf6 Bh4
57.Re6 Bf2 58.Kb4 Bb6 59.Ka4 Bd4 60.Kb4 Bb6 61.Kc4 Bf2 62.Kd5 Bg3 63.Ke4 Bf2
64.Kf5 Bg3 65.Kf6 Bh4+ 66.Kf7 Bf2 67.Ke8 Bd4 68.Kd7 Bb6 69.Kc8 Ba5 70.Rh6  1-0

[Event "FIDE women's World Cup KO"]
[Site "Shenyang CHN"]
[Date "2000.09.08"]
[Round "1.2"]
[White "Xu Yuhua"]
[Black "Wang Yu"]
[Result "1-0"]
[WhiteElo "2505"]
[BlackElo "2401"]

1.Nf3 Nf6 2.c4 c5 3.Nc3 d5 4.cxd5 Nxd5 5.d4 cxd4 6.Qxd4 Nxc3 7.Qxc3 Nc6 8.e4 Bg4
9.Bb5 Rc8 10.Bf4 Bxf3 11.gxf3 Qb6 12.Qd3 Rd8 13.Qc4 e5 14.Be3 Qc7 15.Bxc6+ bxc6
16.Qa4 Bd6 17.Rg1 g6 18.Ke2 O-O 19.Rac1 c5 20.Rgd1 f5 21.Bxc5 Bxc5 22.Rxd8 Qxd8
23.Rxc5 fxe4 24.Qxe4 Qb8 25.Qc4+ Kh8 26.Qc3 Re8 27.f4 Kg8 28.fxe5 Qd8 29.Qc4+ Kh8
30.Kf1 Qa8 31.Qd5 Qb8 32.b3 Rd8 33.Qf3 Rf8 34.Qc3 Qb7 35.e6+ Kg8 36.Rc6 a5
37.Qc4 Kh8 38.Qc5 Kg8 39.e7 Re8 40.Qd5+ Kh8 41.Qe5+ Kg8 42.Rc7 Qa6+ 43.Kg1 Qd3
44.Qe6+ Kg7 45.Rd7 Qb1+ 46.Kg2 Qc1 47.Qe5+ Kf7 48.Qxa5 Rxe7 49.Qd5+ Kf8 50.Qf3+  1-0